| 000 | 00536nam a2200157 i 4500 | ||
|---|---|---|---|
| 001 | 99696 | ||
| 003 | ES-MaACL | ||
| 005 | 20230906182536.0 | ||
| 007 | t| | ||
| 008 | 050915s1972 sp ||||1| spa d | ||
| 100 | 1 |
_aMartínez Conesa, José Antonio. _977951 |
|
| 245 | 1 | 0 |
_aFiguras estilísticas aplicadas al griego y al latín _b: manual práctico para el comentario de textos literarios / _cJosé Antonio Martínez Conesa. |
| 260 |
_aValencia : _bBello, _c1972. |
||
| 300 |
_a104 p. ; _c21 cm. |
||
| 852 |
_aES-MaACL _jC-47378 _bR.82702 |
||
| 999 |
_c99696 _d99696 |
||